000 00722nam a22002177a 4500
001 84785)
003 BD-RjUL
005 20250408125414.0
008 240407s1946 ii 000 0 urd
035 _a(BD-RjUL)84785)
040 _aDLC
_cDLC
_burd
041 1 _hurd
_aeng
082 _223
_a891.4391
_bBAK 1946
100 1 _aBāno, Raẓiyah Farḥat
_915200
245 1 0 _aخطبات اقبال / K̲h̲ut̤bāt-i Iqbāl /
_c رضىه فرحت بانو ;; Raẓiyah Farḥat Bāno
260 _aDihlī:
_bحالى پبلشنگ ہاؤس،, Ḥālī Pablishing Hāʼūs, Dihlī,
_c1964
300 _a111 p. ;
_c18cm.
600 _aIqbal, Muhammad, Sir,
_d1877-1938
700 _aIqbal, Muhammad,
942 _2ddc
_cBK
999 _c84785
_d84785